Albums by Cover Art - West Coast Hip-Hop - Statistics

General Stats
  • This quiz has been taken 302 times
  • The average score is 11 of 20
Answer Stats
Picture Answer % Correct
Tyler, the Creator - Igor
93%
Kendrick Lamar - good kid, m.A.A.d city
91%
2Pac - Me Against the World
88%
N.W.A. - Straight Outta Compton
88%
Snoop Dogg - The Doggfather
85%
Dr. Dre - 2001
81%
Childish Gambino - Because the Internet
78%
Ice Cube - The Predator
75%
Roddy Ricch - Please Excuse Me for Being Antisocial
66%
Baby Keem - The Melodic Blue
62%
Earl Sweatshirt - Some Rap Songs
44%
The Game - The Documentary
44%
BROCKHAMPTON - Saturation III
34%
ScHoolboy Q - Oxymoron
30%
Souls of Mischief - 93 'Til Infinity
28%
Cypress Hill - Black Sunday
26%
The Pharcyde - Bizarre Ride II the Pharcyde
21%
Ty Dolla $ign - Featuring Ty Dolla $ign
21%
Macklemore / Ryan Lewis - The Heist
13%
Too $hort - Blow the Whistle
8%
No matching quizzes found
Score Distribution
Percent of People with Each Score
Percentile by Number Answered
Your Score History
You have not taken this quiz